Movies Quiz

Random Movies Quiz

Movie Fill in the Blank Quiz Stats

Quiz not verified by Sporcle

Challenge
Share
Tweet
Embed
Score 0/46 Timer 05:00
0 Plays Today
Clue Word % Correct
________ Gump.Forrest
97.2%
The Wizard of _ ___.Oz
96.3%
Toy ______ 3.Story
95.9%
_____ to the Future.Back
95.4%
Stand By ___.Me
95.4%
________ Dollar Baby.Million
93.6%
Pulp _______.Fiction
93.6%
The _______ of the Lambs.Silence
92.7%
How to Train Your ________.Dragon
91.7%
Finding _____.Nemo
91.7%
Where the Wild _______ Are.Things
89.9%
The _______ Mile.Green
89.4%
The __________ of Happyness.Pursuit
88.5%
The ________ SenseSixth
87.6%
The Hang _____ Part ll.Over
87.2%
Scar_____.Face
86.7%
The Blind _____.Side
86.7%
The _________ Case of Benjamin Button.Curious
85.8%
Ace Ventura: Pet ________.Detective
85.8%
Edward _____________.Scissorhands
85.8%
Mystic _____.River
83.9%
Brave ______.Heart
82.1%
Friday Night ______.Lights
80.7%
Clue Word % Correct
The ______ Knight.Dark
78.4%
________ from Alcatrez.Escape
77.5%
The ____________ Redemption.Shawshank
77.1%
Lord of the ______.Rings
74.3%
Gran ______.Torino
72.9%
Happy ________.Gilmore
72.9%
Rush ____.Hour
71.6%
The ________ ___________ Massacre.Texas Chainsaw
67.9%
Ben- ____.Hur
67.4%
_______ __________'s day off.Ferris Bueller
63.8%
The Day ______ Tomorrow.After
62.4%
White _____ Can't Jump.Men
60.6%
Top ____.Gun
54.6%
Father of the ______.Bride
53.7%
_____ the Wild.Into
51.8%
Die Hard lll: Die With a ________.Vengeance
49.5%
The River _____.Wild
48.6%
Se_en.7
37.6%
Glory ____.Road
35.8%
The God_______.Father
34.4%
Apocalypse _____,Now
25.2%
Good______.Fellas
19.7%
U.S. ________.Marshall's
17.9%

You're not logged in!

Compare scores with friends on all Sporcle quizzes.
Join for Free
OR
Log In

You Might Also Like...

Show Comments

Extras

Created May 25, 2011ReportNominate
Tags:black, blank

Top Quizzes Today


Score Distribution

Your Account Isn't Verified!

In order to create a playlist on Sporcle, you need to verify the email address you used during registration. Go to your Sporcle Settings to finish the process.

Report this User

Report this user for behavior that violates our Community Guidelines.

Details: